=LDR 00000nam 2200000 4500 =001 INLIS000000000016150 =005 20130612111426 =008 ***********************************Ind** =035 ##$$0010-061300000016150 =041 ##$$a Ind =082 ##$$a 2x3 =090 ##$$a 2x3, Bus a =100 ##$$a Bucaille, Mourece =245 ##$$a Asal-usul manusia, Menurut Bibll, Al-Quran, sains, DR. Maurice Bucaille ; Rahmani Astuti =260 ##$$a 1994 $b Bandung =300 ##$$a 267 hlm., 21 cm =650 ##$$a Islam-Aqait =700 ##$$a penerjemah, Astuti, Rahmani =850 ##$$a NBPNMAT